[Event "11th Chennai Open-GM 2019"]
[Site "Chennai"]
[Date "2019.01.21"]
[Round "6"]
[White "Sarwat, Walaa"]
[Black "Pantsulaia, Levan"]
[Result "0-1"]
[WhiteElo "2265"]
[BlackElo "2597"]
[Annotator "ChessBase"]
[PlyCount "84"]
[EventDate "2019.01.18"]
[EventType "swiss"]
[EventCountry "IND"]
[SourceTitle "playchess.com"]
[Source "ChessBase"]
[SourceQuality "1"]
[TimeControl "5400+30"]

1. e4 {[%emt 0:00:00]} c5 {[%emt 0:05:36]} 2. Nf3 {[%emt 0:00:00]} a6 {[%emt 0:00:48]} 3. c4 {[%emt 0:02:50]} e6 {[%emt 0:00:14]} 4. d4 {[%emt 0:00:55]} cxd4 {[%emt 0:00:08]} 5. Nxd4 {[%emt 0:00:34]} Nf6 {[%emt 0:00:12]} 6. Nc3 {[%emt 0:04:08]} Bb4 {[%emt 0:01:37]} 7. Bd3 {[%emt 0:12:56]} Qc7 {[%emt 0:02:31]} 8. O-O {[%emt 0:04:25]} Nc6 {[%emt 0:00:50]} 9. Nxc6 {[%emt 0:01:34]} dxc6 {[%emt 0:00:59]} 10. Qb3 {[%emt 0:04:58]} Ng4 {[%emt 0:03:06]} 11. g3 {[%emt 0:01:52]} Bc5 {[%emt 0:00:11]} 12. Na4 {[%emt 0:03:20]} Bd4 {[%emt 0:00:31]} 13. c5 {[%emt 0:00:36]} h5 {[%emt 0:03:17]} 14. Be2 {[%emt 0:01:24]} Rb8 {[%emt 0:01:06]} 15. Kg2 {[%emt 0:01:21]} e5 {[%emt 0:00:11]} 16. f3 {[%emt 0:01:41]} Nf6 {[%emt 0:00:56]} 17. Be3 {[%emt 0:01:35]} Be6 {[%emt 0:02:55]} 18. Qa3 {[%emt 0:00:25]} Rd8 {[%emt 0:04:35]} 19. Rad1 {[%emt 0:01:40]} h4 {[%emt 0:01:01]} 20. Rh1 {[%emt 0:01:30]} hxg3 {[%emt 0:04:54]} 21. hxg3 {[%emt 0:00:26]} Rxh1 {[%emt 0:00:06]} 22. Kxh1 {[%emt 0:01:31]} Bxa2 {[%emt 0:05:41]} 23. Bxd4 {[%emt 0:14:08]} exd4 {[%emt 0:00:16]} 24. Kg2 {[%emt 0:00:11]} Be6 {[%emt 0:02:27]} 25. Qb4 {[%emt 0:01:54]} a5 {[%emt 0:04:19]} 26. Qb6 {[%emt 0:02:15]} Qe5 {[%emt 0:04:12]} 27. Qxa5 {[%emt 0:01:07]} b5 {[%emt 0:01:04]} 28. Rh1 {[%emt 0:02:26]} Ke7 {[%emt 0:00:42]} 29. Nb6 {[%emt 0:04:17]} d3 {[%emt 0:01:50]} 30. Bd1 {[%emt 0:10:46]} Qxb2+ {[%emt 0:00:14]} 31. Kf1 {[%emt 0:00:18]} Qc1 {[%emt 0:00:26]} 32. Kg2 {[%emt 0:00:56]} Qxc5 {[%emt 0:00:11]} 33. Re1 {[%emt 0:04:28]} d2 {[%emt 0:00:22]} 34. Rh1 {[%emt 0:00:40]} g5 {[%emt 0:02:39]} 35. Rh6 {[%emt 0:01:17]} g4 {[%emt 0:03:02]} 36. e5 {[%emt 0:05:24]} Qxe5 {[%emt 0:00:50]} 37. Qa3+ {[%emt 0:01:34]} c5 {[%emt 0:01:10]} 38. fxg4 {[%emt 0:02:34]} Nxg4 {[%emt 0:02:07]} 39. Rxe6+ {[%emt 0:00:54]} Qxe6 {[%emt 0:01:25]} 40. Qxc5+ {[%emt 0:01:00]} Kf6 {[%emt 0:00:06]} 41. Qc3+ {[%emt 0:03:24]} Kg6 {[%emt 0:00:45]} 42. Bc2+ {[%emt 0:00:40]} f5 {[%emt 0:00:15]} 0-1

[Event "11th Chennai Open-GM 2019"]
[Site "Chennai"]
[Date "2019.01.21"]
[Round "6"]
[White "Sai Vishwesh.C"]
[Black "Popov, Ivan"]
[Result "0-1"]
[WhiteElo "2250"]
[BlackElo "2588"]
[Annotator "ChessBase"]
[PlyCount "64"]
[EventDate "2019.01.18"]
[EventType "swiss"]
[EventCountry "IND"]
[SourceTitle "playchess.com"]
[Source "ChessBase"]
[SourceQuality "1"]
[TimeControl "5400+30"]

1. e4 {[%emt 0:00:00]} c5 {[%emt 0:03:50]} 2. d4 {[%emt 0:00:16]} cxd4 {[%emt 0:00:21]} 3. c3 {[%emt 0:00:08]} dxc3 {[%emt 0:00:41]} 4. Nxc3 {[%emt 0:00:06]} Nc6 {[%emt 0:00:41]} 5. Nf3 {[%emt 0:00:10]} d6 {[%emt 0:00:32]} 6. Bc4 {[%emt 0:00:06]} a6 {[%emt 0:00:32]} 7. O-O {[%emt 0:00:07]} Nf6 {[%emt 0:00:06]} 8. Qe2 {[%emt 0:03:57]} Bg4 {[%emt 0:00:24]} 9. Rd1 {[%emt 0:00:42]} e6 {[%emt 0:00:48]} 10. Bf4 {[%emt 0:01:56]} Nh5 {[%emt 0:00:25]} 11. Be3 {[%emt 0:03:19]} Ne5 {[%emt 0:00:59]} 12. Nxe5 {[%emt 0:00:12]} Bxe2 {[%emt 0:00:08]} 13. Bxe2 {[%emt 0:00:03]} Nf6 {[%emt 0:04:18]} 14. Nc4 {[%emt 0:22:15]} b5 {[%emt 0:09:55]} 15. e5 {[%emt 0:00:08]} bxc4 {[%emt 0:02:07]} 16. exf6 {[%emt 0:00:05]} gxf6 {[%emt 0:19:57]} 17. Bf3 {[%emt 0:02:01]} d5 {[%emt 0:15:46]} 18. Nxd5 {[%emt 0:02:22]} exd5 {[%emt 0:01:39]} 19. Bxd5 {[%emt 0:01:04]} Rc8 {[%emt 0:01:32]} 20. Bb7 {[%emt 0:00:37]} Qc7 {[%emt 0:00:18]} 21. Bxc8 {[%emt 0:11:09]} Qxc8 {[%emt 0:00:03]} 22. Re1 {[%emt 0:00:31]} Be7 {[%emt 0:07:51]} 23. Bd2 {[%emt 0:01:41]} Qb7 {[%emt 0:00:33]} 24. Rac1 {[%emt 0:03:20]} Rg8 {[%emt 0:05:31]} 25. g3 {[%emt 0:00:06]} Rg4 {[%emt 0:02:25]} 26. Bc3 {[%emt 0:02:07]} Kf8 {[%emt 0:01:16]} 27. a3 {[%emt 0:00:10]} Re4 {[%emt 0:01:31]} 28. Red1 {[%emt 0:00:26]} h5 {[%emt 0:00:33]} 29. h4 {[%emt 0:01:39]} f5 {[%emt 0:00:16]} 30. Rd2 {[%emt 0:00:07]} f4 {[%emt 0:00:48]} 31. Rcd1 {[%emt 0:00:06]} fxg3 {[%emt 0:00:29]} 32. fxg3 {[%emt 0:00:04]} Qc7 {[%emt 0:01:51]} 0-1

[Event "11th Chennai Open-GM 2019"]
[Site "Chennai"]
[Date "2019.01.21"]
[Round "6"]
[White "Kurbonboeva, Sarvinoz"]
[Black "Deepan Chakkravarthy J."]
[Result "1/2-1/2"]
[WhiteElo "2214"]
[BlackElo "2543"]
[Annotator "ChessBase"]
[PlyCount "80"]
[EventDate "2019.01.18"]
[EventType "swiss"]
[EventCountry "IND"]
[SourceTitle "playchess.com"]
[Source "ChessBase"]
[SourceQuality "1"]
[TimeControl "5400+30"]

1. d4 {[%emt 0:00:38]} Nf6 {[%emt 0:02:53]} 2. c4 {[%emt 0:00:26]} e6 {[%emt 0:00:05]} 3. g3 {[%emt 0:00:21]} Bb4+ {[%emt 0:00:08]} 4. Bd2 {[%emt 0:01:00]} a5 {[%emt 0:00:06]} 5. Bg2 {[%emt 0:00:31]} O-O {[%emt 0:00:08]} 6. Nf3 {[%emt 0:00:15]} d6 {[%emt 0:06:35]} 7. O-O {[%emt 0:00:30]} Bxd2 {[%emt 0:00:04]} 8. Qxd2 {[%emt 0:03:13]} Qe7 {[%emt 0:02:45]} 9. Nc3 {[%emt 0:02:42]} c6 {[%emt 0:05:14]} 10. e4 {[%emt 0:04:17]} e5 {[%emt 0:00:10]} 11. c5 {[%emt 0:16:07]} dxc5 {[%emt 0:08:48]} 12. dxe5 {[%emt 0:00:21]} Ng4 {[%emt 0:00:06]} 13. Qd6 {[%emt 0:07:17]} Re8 {[%emt 0:00:05]} 14. Rfd1 {[%emt 0:04:39]} Nd7 {[%emt 0:00:27]} 15. Qxe7 {[%emt 0:07:53]} Rxe7 {[%emt 0:01:02]} 16. Na4 {[%emt 0:00:09]} g6 {[%emt 0:04:46]} 17. Rac1 {[%emt 0:02:13]} c4 {[%emt 0:02:56]} 18. Bh3 {[%emt 0:19:37]} h5 {[%emt 0:00:43]} 19. Rd6 {[%emt 0:00:03]} b5 {[%emt 0:14:28]} 20. Nc3 {[%emt 0:01:13]} Bb7 {[%emt 0:00:06]} 21. e6 {[%emt 0:03:32]} fxe6 {[%emt 0:00:03]} 22. Nd4 {[%emt 0:05:54]} Nde5 {[%emt 0:13:30]} 23. f3 {[%emt 0:01:46]} c5 {[%emt 0:01:15]} 24. Nxe6 {[%emt 0:01:07]} Nxf3+ {[%emt 0:04:10]} 25. Kg2 {[%emt 0:00:05]} b4 {[%emt 0:02:51]} 26. Kxf3 {[%emt 0:00:33]} bxc3 {[%emt 0:00:09]} 27. Rxc3 {[%emt 0:01:47]} Rae8 {[%emt 0:05:50]} 28. Nxc5 {[%emt 0:02:19]} Bxe4+ {[%emt 0:10:10]} 29. Nxe4 {[%emt 0:00:20]} Rxe4 {[%emt 0:01:05]} 30. Rd2 {[%emt 0:00:36]} Kg7 {[%emt 0:03:05]} 31. Bxg4 {[%emt 0:04:23]} hxg4+ {[%emt 0:00:06]} 32. Kf2 {[%emt 0:00:03]} Kh6 {[%emt 0:03:52]} 33. Rdc2 {[%emt 0:00:30]} Rf8+ {[%emt 0:02:33]} 34. Kg2 {[%emt 0:00:12]} Rc8 {[%emt 0:00:04]} 35. Kf2 {[%emt 0:00:48]} Kg5 {[%emt 0:00:24]} 36. b3 {[%emt 0:03:57]} Rf8+ {[%emt 0:02:12]} 37. Kg2 {[%emt 0:00:07]} cxb3 {[%emt 0:00:05]} 38. axb3 {[%emt 0:00:34]} Rf5 {[%emt 0:00:20]} 39. Rc5 {[%emt 0:03:27]} Rb4 {[%emt 0:01:44]} 40. Rxf5+ {[%emt 0:00:48]} gxf5 {[%emt 0:00:19]} 1/2-1/2

[Event "11th Chennai Open-GM 2019"]
[Site "Chennai"]
[Date "2019.01.21"]
[Round "6"]
[White "Vinoth Kumar, M.."]
[Black "Tran, Tuan Minh"]
[Result "0-1"]
[WhiteElo "2105"]
[BlackElo "2541"]
[Annotator "RC"]
[PlyCount "82"]
[EventDate "2019.01.18"]
[EventType "swiss"]
[EventCountry "IND"]
[SourceTitle "playchess.com"]
[Source "ChessBase"]
[SourceQuality "1"]
[TimeControl "5400+30"]

1. g3 {[%emt 0:00:00]} Nf6 {[%emt 0:01:23]} 2. Bg2 {[%emt 0:00:00]} e5 {[%emt 0:00:22]} 3. d3 {[%emt 0:00:02]} d5 {[%emt 0:00:18]} 4. Nd2 {[%emt 0:02:09]} c6 {[%emt 0:02:13]} 5. e4 {[%emt 0:00:11]} Bd6 {[%emt 0:00:45]} 6. Nh3 {[%emt 0:00:16]} O-O {[%emt 0:00:17]} 7. f3 {[%emt 0:00:01]} a5 {[%emt 0:08:52]} 8. O-O {[%emt 0:01:38]} a4 9. Kh1 a3 {[%emt 0:01:53]} 10. b3 {[%emt 0:01:11]} Na6 {[%emt 0:02:56]} 11. Nb1 {[%emt 0:07:13]} Nc7 {[%emt 0:00:50]} 12. c3 Nb5 {[%emt 0:12:43]} 13. Qc2 {[%emt 0:01:54]} Qe7 {[%emt 0:03:51]} 14. Nf2 {[%emt 0:06:44]} Re8 {[%emt 0:05:19]} 15. Nd1 {[%emt 0:19:30]} h6 {[%emt 0:03:42]} 16. g4 {[%emt 0:08:36]} d4 {[%emt 0:02:30]} 17. cxd4 {[%emt 0:04:06]} Nxd4 {[%emt 0:00:53]} 18. Qf2 {[%emt 0:00:06]} Ne6 {[%emt 0:09:13]} 19. Nbc3 {[%emt 0:01:03]} Bc5 {[%emt 0:03:29]} 20. Qg3 {[%emt 0:00:42]} Rd8 {[%emt 0:01:02]} 21. Nf2 {[%emt 0:05:38]} Nf4 {[%emt 0:08:09]} 22. Bxf4 {[%emt 0:05:19]} exf4 {[%emt 0:00:07]} 23. Qxf4 {[%emt 0:00:16]} Bd6 {[%emt 0:00:23]} 24. Qd2 {[%emt 0:01:39]} Qe5 {[%emt 0:00:06]} 25. f4 {[%emt 0:00:06]} Qxf4 {[%emt 0:00:04]} 26. Qxf4 {[%emt 0:00:06]} Bxf4 {[%emt 0:00:03]} 27. h3 Be6 {[%emt 0:04:17]} 28. Ne2 {[%emt 0:16:29]} Be5 {[%emt 0:00:48]} 29. Rab1 {[%emt 0:04:13]} c5 {[%emt 0:00:45]} 30. Rfc1 {[%emt 0:02:30]} Rac8 {[%emt 0:00:02]} 31. Bf1 {[%emt 0:00:50]} b5 {[%emt 0:00:15]} 32. Ng1 {[%emt 0:01:48]} Nd7 {[%emt 0:02:01]} 33. Nf3 {[%emt 0:00:15]} Bf4 {[%emt 0:01:10]} 34. Rc2 {[%emt 0:00:42]} Ne5 {[%emt 0:00:11]} 35. Ne1 {[%emt 0:03:09]} Nc6 {[%emt 0:00:09]} 36. Rxc5 {[%emt 0:02:18]} Be3 {[%emt 0:00:03]} 37. Rc2 {[%emt 0:00:18]} Nd4 {[%emt 0:00:04]} 38. Rxc8 {[%emt 0:00:43]} Rxc8 {[%emt 0:00:01]} 39. Kg2 {[%emt 0:02:04]} Rc1 {[%emt 0:00:08]} 40. Rxc1 {[%emt 0:00:37]} Bxc1 {[%emt 0:00:01]} 41. Nd1 {[%emt 0:00:40]} b4 {[%emt 0:00:02]} 0-1

[Event "11th Chennai Open-GM 2019"]
[Site "Chennai"]
[Date "2019.01.21"]
[Round "6"]
[White "Dahale, Atul"]
[Black "Deviatkin, Andrei"]
[Result "0-1"]
[WhiteElo "2044"]
[BlackElo "2461"]
[Annotator "TA"]
[PlyCount "130"]
[EventDate "2019.01.18"]
[EventType "swiss"]
[EventCountry "IND"]
[SourceTitle "playchess.com"]
[Source "ChessBase"]
[SourceQuality "1"]

{[%evp 17,130,-11,12,10,10,7,15,18,10,-14,0,-37,-18,-33,0,-31,-33,-34,-18,-41,-36,-31,-35,-54,-45,-67,-69,-79,-68,-89,-70,-73,-72,-71,-64,-67,-70,-70,-70,-93,-93,-93,-76,-93,-93,-93,-93,-83,-44,-52,-52,-62,-60,-56,-46,-68,-59,-83,-83,-83,-83,-83,0,-83,-20,-83,-76,-76,-69,-75,-81,-81,-69,-79,-83,-92,-68,-78,-79,-142,-78,-77,-90,-81,-77,-157,-124,-121,-114,-256,0,-567,-562,-529,-547,-539,-510,-647,-650,-643,-631,-593,-555,-548,-542,-604,-604,-744,-744,-661,-662,-822,-819,-885,-880]} 1. d4 d5 2. Nf3 Nf6 3. g3 c6 4. Bg2 Bf5 5. O-O e6 6. b3 h6 7. Bb2 Nbd7 8. Nbd2 Be7 9. c4 Ne4 10. Nxe4 {D02: 1 d4 d5 2 Nf3 sidelines, including 2...Nf6 3 g3 and 2...Nf6 3 Bf4} Bxe4 11. Nd2 Bxg2 12. Kxg2 {The position is equal.} O-O 13. f3 $146 ({Predecessor:} 13. e4 dxe4 14. Nxe4 Nf6 15. Qc2 Nxe4 16. Qxe4 Bf6 17. Rfd1 Qc7 {½-½ (53) Bryakin,M (2338)-Shagbazyan,T (2406) Voronezh 2017}) 13... b5 14. e4 bxc4 15. bxc4 Qa5 16. Qc2 Rab8 17. Bc3 Qa6 18. exd5 exd5 19. Rfe1 Bf6 20. c5 Rfe8 21. Kf2 Nf8 22. Rxe8 Rxe8 23. Re1 Ne6 24. Nb3 Qc4 25. Qd2 Rb8 26. Rc1 Bg5 27. f4 {Threatens to win with Na5.} Bf6 28. Bb2 Qa4 29. Bc3 h5 30. Re1 g6 31. Kg2 Ng7 32. h3 Qa6 33. Qe2 Qc8 34. Qd3 Qd7 35. Re2 Nf5 36. Nd2 Qc7 37. h4 Qd7 38. Nf3 Ng7 39. Re1 Nf5 40. Re2 $1 Nh6 (40... Kg7 $17) 41. Re1 (41. Ne5 $11 Bxe5 42. fxe5) 41... Kg7 $17 42. Qe2 Nf5 43. Ne5 Qb7 44. Qd3 Qc8 45. Re2 Rb5 46. Rb2 a6 47. Re2 Qb7 48. Re1 (48. Kh2 $142) 48... a5 ({Black should try} 48... Bd8 $1 49. Kg1 Bc7) 49. Qc2 a4 50. Qxa4 Bxe5 51. fxe5 (51. Rxe5 $142 Rb2+ 52. Bxb2 Qxb2+ {[%mdl 64] Double Attack} 53. Kh3) 51... Rb1 52. Re2 Rc1 {Strongly threatening ...Qb1.} 53. Bb2 {[#]} (53. Bd2 $17 {was forced.} Rc4 {[%mdl 64] Double Attack} 54. Qb3 Qxb3 55. axb3 Rxd4 56. e6) 53... Rc4 $2 ({Better is} 53... Re1 $1 $19 {[%cal Re1e2][%mdl 512]} 54. Qc2 (54. Rxe1 $2 {is the wrong capture.} Qxb2+ {[%mdl 64] Double Attack} 55. Kh1 Qf2 $19) 54... Ne3+ 55. Rxe3 Rxe3) 54. Qd1 $2 {[%mdl 8192] [#]} (54. Qa5 $1 $11 {and White stays safe.}) 54... Qxb2 $1 $19 {[%mdl 576] Deflection. Black is clearly winning.} 55. Rxb2 Ne3+ {[%mdl 64] Double Attack} 56. Kf3 Nxd1 {[%mdl 4096] Endgame KRN-KR} 57. Rb6 Nc3 58. Rxc6 Nb5 59. Ke3 Rc3+ 60. Kd2 {[#] Threatening Rb6.} Rc2+ $1 {[%mdl 512]} 61. Kd3 (61. Kxc2 Nxd4+) 61... Rxa2 62. Rb6 Ra3+ 63. Kd2 Nxd4 64. c6 {intending c7.} Ne6 65. Rb7 d4 {Accuracy: White = 32%, Black = 71%.} 0-1

[Event "11th Chennai Open-GM 2019"]
[Site "Chennai"]
[Date "2019.01.21"]
[Round "6"]
[White "Siddarth, M."]
[Black "Laxman, R.R."]
[Result "1/2-1/2"]
[WhiteElo "2040"]
[BlackElo "2421"]
[Annotator "RC"]
[PlyCount "74"]
[EventDate "2019.01.18"]
[EventType "swiss"]
[EventCountry "IND"]
[SourceTitle "playchess.com"]
[Source "ChessBase"]
[SourceQuality "1"]
[TimeControl "5400+30"]

1. e4 {[%emt 0:00:00]} e5 {[%emt 0:00:00]} 2. Nf3 {[%emt 0:00:00]} Nc6 {[%emt 0:00:00]} 3. Bb5 {[%emt 0:00:00]} a6 {[%emt 0:00:00]} 4. Ba4 {[%emt 0:00:00]} Nf6 {[%emt 0:00:04]} 5. O-O {[%emt 0:00:00]} Be7 {[%emt 0:00:21]} 6. Re1 {[%emt 0:00:06]} b5 {[%emt 0:00:06]} 7. Bb3 {[%emt 0:00:03]} O-O {[%emt 0:00:12]} 8. c3 {[%emt 0:00:14]} d6 {[%emt 0:00:05]} 9. h3 {[%emt 0:00:10]} Nb8 {[%emt 0:00:16]} 10. d4 {[%emt 0:00:17]} Nbd7 {[%emt 0:00:07]} 11. Nbd2 {[%emt 0:00:14]} Bb7 {[%emt 0:00:37]} 12. Bc2 {[%emt 0:00:22]} Re8 {[%emt 0:00:11]} 13. Nf1 {[%emt 0:00:09]} Bf8 {[%emt 0:00:11]} 14. Ng3 {[%emt 0:00:22]} c6 {[%emt 0:01:06]} 15. Nf5 {[%emt 0:02:09]} Qc7 {[%emt 0:00:57]} 16. Bg5 {[%emt 0:02:12]} h6 {[%emt 0:00:15]} 17. dxe5 {[%emt 0:05:17]} dxe5 {[%emt 0:00:15]} 18. Bh4 {[%emt 0:03:08]} g6 {[%emt 0:00:29]} 19. Ne3 {[%emt 0:01:29]} Bg7 {[%emt 0:01:27]} 20. Qe2 {[%emt 0:01:18]} c5 {[%emt 0:01:32]} 21. Ng4 {[%emt 0:04:16]} Nxg4 {[%emt 0:01:46]} 22. hxg4 {[%emt 0:00:41]} c4 {[%emt 0:00:07]} 23. Rad1 {[%emt 0:01:16]} Nc5 {[%emt 0:00:06]} 24. Rd2 {[%emt 0:02:06]} g5 {[%emt 0:05:36]} 25. Bg3 {[%emt 0:01:19]} Rad8 {[%emt 0:00:24]} 26. Nd4 {[%emt 0:01:46]} Qd7 {[%emt 0:00:14]} 27. Nb3 {[%emt 0:00:16]} Qe7 {[%emt 0:00:43]} 28. Nxc5 {[%emt 0:00:33]} Qxc5 {[%emt 0:00:06]} 29. Red1 {[%emt 0:00:07]} Rxd2 {[%emt 0:05:50]} 30. Qxd2 {[%emt 0:00:48]} Bc8 {[%emt 0:00:14]} 31. Qe2 {[%emt 0:04:55]} Be6 {[%emt 0:02:39]} 32. a3 {[%emt 0:07:05]} Bf6 {[%emt 0:00:36]} 33. Kf1 {[%emt 0:02:53]} Rd8 {[%emt 0:02:00]} 34. f3 {[%emt 0:01:01]} Rxd1+ 35. Qxd1 {[%emt 0:00:31]} Be7 {[%emt 0:01:22]} 36. Bf2 {[%emt 0:03:16]} Qc7 {[%emt 0:00:53]} 37. Qd2 {[%emt 0:01:06]} Kg7 {[%emt 0:03:26]} 1/2-1/2

[Event "11th Chennai Open-GM 2019"]
[Site "Chennai"]
[Date "2019.01.21"]
[Round "6"]
[White "Barath Kalyan M"]
[Black "Czebe, Attila"]
[Result "0-1"]
[WhiteElo "2004"]
[BlackElo "2418"]
[Annotator "ChessBase"]
[PlyCount "62"]
[EventDate "2019.01.18"]
[EventType "swiss"]
[EventCountry "IND"]
[SourceTitle "playchess.com"]
[Source "ChessBase"]
[SourceQuality "1"]
[TimeControl "5400+30"]

1. d4 {[%emt 0:07:34]} Nf6 {[%emt 0:00:02]} 2. Nf3 {[%emt 0:00:13]} b6 {[%emt 0:01:31]} 3. Bf4 {[%emt 0:01:46]} Bb7 {[%emt 0:00:09]} 4. e3 {[%emt 0:00:11]} Nh5 {[%emt 0:07:46]} 5. Bg3 {[%emt 0:02:27]} Nxg3 {[%emt 0:02:31]} 6. hxg3 {[%emt 0:00:10]} d6 {[%emt 0:00:32]} 7. Bd3 {[%emt 0:00:36]} g6 {[%emt 0:02:50]} 8. Nbd2 {[%emt 0:06:17]} Bg7 {[%emt 0:00:44]} 9. c3 {[%emt 0:00:57]} Nd7 {[%emt 0:01:32]} 10. Qb3 {[%emt 0:03:06]} e5 {[%emt 0:00:57]} 11. Be4 {[%emt 0:15:36]} c6 {[%emt 0:03:15]} 12. Nc4 {[%emt 0:06:04]} Qc7 {[%emt 0:10:44]} 13. dxe5 {[%emt 0:02:01]} dxe5 {[%emt 0:00:46]} 14. O-O-O {[%emt 0:09:58]} O-O {[%emt 0:03:05]} 15. Nd6 {[%emt 0:02:51]} Nc5 {[%emt 0:00:47]} 16. Qc2 {[%emt 0:01:13]} Ba6 {[%emt 0:09:34]} 17. b4 {[%emt 0:13:30]} Nxe4 {[%emt 0:02:02]} 18. Qxe4 {[%emt 0:03:38]} Rfd8 {[%emt 0:15:36]} 19. Nc4 {[%emt 0:01:08]} Rxd1+ {[%emt 0:03:40]} 20. Rxd1 {[%emt 0:00:07]} f5 {[%emt 0:03:01]} 21. Qh4 {[%emt 0:00:39]} e4 {[%emt 0:00:11]} 22. Ng5 {[%emt 0:00:10]} h6 {[%emt 0:08:59]} 23. Ne6 {[%emt 0:06:21]} Qf7 {[%emt 0:01:07]} 24. Rd8+ {[%emt 0:01:33]} Rxd8 {[%emt 0:00:05]} 25. Qxd8+ {[%emt 0:00:07]} Kh7 {[%emt 0:00:06]} 26. Nxg7 {[%emt 0:02:19]} Qxc4 {[%emt 0:00:12]} 27. Qf6 {[%emt 0:01:55]} Qf1+ {[%emt 0:00:11]} 28. Kb2 {[%emt 0:00:41]} Qe2+ {[%emt 0:00:06]} 29. Kb1 {[%emt 0:01:28]} Bd3+ {[%emt 0:00:14]} 30. Ka1 {[%emt 0:00:08]} Qc2 {[%emt 0:00:58]} 31. Ne8 {[%emt 0:00:07]} Qc1# 0-1

[Event "11th Chennai Open-GM 2019"]
[Site "Chennai"]
[Date "2019.01.22"]
[Round "7"]
[White "Predke, Alexandr"]
[Black "Gajek, Radoslaw"]
[Result "1-0"]
[WhiteElo "2620"]
[BlackElo "2481"]
[Annotator "TA"]
[PlyCount "53"]
[EventDate "2019.01.18"]
[EventType "swiss"]
[EventCountry "IND"]
[SourceTitle "playchess.com"]
[Source "ChessBase"]
[SourceQuality "1"]

{[%evp 18,53,49,39,80,85,140,69,112,113,106,94,97,94,102,80,93,102,95,85,186,168,292,268,412,441,747,602,955,825,1414,1471,29988,29989,29989,29985,29994,29995]} 1. d4 Nf6 2. c4 e6 3. Nc3 Bb4 4. e3 O-O 5. Bd2 d6 (5... d5 6. Nf3 Nbd7 7. Rc1 Be7 8. Qc2 a6 9. c5 c6 10. Bd3 Qc7 11. Na4 e5 12. dxe5 Nxe5 13. Nxe5 Qxe5 14. O-O Ne4 {½-½ (60) Aleksandrov,A (2602)-Melkumyan,H (2660) Batumi 2018}) 6. Bd3 {E46: Nimzo-Indian: Rubinstein: 4 e3 0-0 5 Ne2 without early Bd3} c5 7. a3 Ba5 8. dxc5 dxc5 9. Qc2 Nc6 10. Nf3 {LiveBook: 9 Games} Bc7 $146 ({Predecessor:} 10... h6 11. O-O-O Qe7 12. Rhg1 Ng4 13. Be1 Rb8 {1-0 (27) Zude,E (2381)-Rodriguez Ferraz,B (2175) Barcelona 2014}) 11. O-O-O g6 ({Black should try} 11... h6) 12. Ne4 (12. h4 $16) 12... Nxe4 13. Bxe4 Bd7 14. g4 e5 15. Rhg1 Qe7 16. Bd5 Rae8 {Threatening ...e4.} 17. h4 Kh8 18. Bc3 h6 {[#]} (18... a6 $16 {is a better defense.}) 19. Ne1 $1 $18 Kh7 {[#]} (19... Qxh4 $142 20. Nf3 Qe7) 20. h5 $1 e4 (20... Rg8 $142 21. hxg6+ Rxg6) 21. hxg6+ Kxg6 (21... fxg6 $142 22. Bxe4 Rg8) 22. f4 Kh7 23. Nf3 Rg8 24. Rh1 {Threatening mate with Rxh6+!} Rxg4 {[#]} 25. Rxh6+ $1 {[%mdl 512] White mates.} Kxh6 26. Rh1+ Kg6 27. Qh2 {Precision: White = 100%, Black = 21%.} 1-0

[Event "11th Chennai Open-GM 2019"]
[Site "Chennai"]
[Date "2019.01.22"]
[Round "7"]
[White "Popov, Ivan"]
[Black "Vignesh N R"]
[Result "1/2-1/2"]
[WhiteElo "2588"]
[BlackElo "2461"]
[Annotator "TA"]
[PlyCount "123"]
[EventDate "2019.01.18"]
[EventType "swiss"]
[EventCountry "IND"]
[SourceTitle "playchess.com"]
[Source "ChessBase"]
[SourceQuality "1"]

{[%evp 19,123,50,54,65,52,49,80,85,95,89,80,100,89,81,87,99,87,94,94,75,80,78,81,62,66,68,75,88,80,47,56,37,102,110,131,133,134,116,129,118,117,113,110,103,85,36,33,25,25,27,27,27,70,44,50,0,0,0,0,0,0,0,0,0,0,0,0,0,0,0,0,0,0,0,0,0,0,0,0,0,0,0,0,0,0,0,0,0,0,0,0,0,0,0,0,0,0,0,0,0,0,0,0,0,0,-59]} 1. e4 c5 2. Nf3 d6 3. d4 Nf6 {[%cal Bg8f6,Bf6e4,Be4f2][%mdl 32]} 4. dxc5 Nxe4 5. cxd6 Nc6 6. dxe7 {B53: Sicilian: 2...d6: Lines with Qxd4} (6. Bd3 Nxd6 7. O-O g6 8. Re1 Bg7 9. c3 O-O 10. h3 Bf5 11. Bxf5 Nxf5 12. Nbd2 Qc7 13. Ne4 Rad8 14. Qe2 b6 15. g4 Nd6 16. Bf4 e5 17. Nxd6 Rxd6 18. Nxe5 {0-1 (32) Anand,V (2786)-Nepomniachtchi,I (2751) Zuerich 2017}) 6... Qxd1+ 7. Kxd1 Nxf2+ 8. Ke1 Nxh1 9. exf8=Q+ Rxf8 10. Be3 Bg4 {LiveBook: 3 Games} 11. Nc3 {[%mdl 1024] White has compensation.} O-O-O {Strongly threatening ...Rfe8.} 12. Bd3 $1 f5 13. Kf1 Rfe8 {[#]} 14. Bg5 $146 Rd7 15. Re1 Rxe1+ 16. Nxe1 h6 17. Bc1 Ne5 18. Kg1 Nxd3 19. Nxd3 (19. cxd3 {is more complex.} g5 20. Kxh1 f4 21. h4 gxh4 22. Kg1) 19... g5 20. Kxh1 f4 21. Kg1 Bf5 22. Ne1 b5 23. a3 a5 24. b4 axb4 25. axb4 Kb7 (25... Rd4 $14) 26. Kf2 $16 Ka6 {[#]} 27. Ne2 $1 Rc7 28. Nd4 Be4 29. Ne6 Rc4 {[#]} 30. Nc5+ $1 Kb6 31. Nxe4 Rxe4 32. Bd2 Kc6 $1 33. g3 fxg3+ 34. hxg3 Kd5 35. Ng2 Re8 36. Ne3+ Ke4 37. Ng4 Re6 {The position is equal.} 38. Ke2 h5 39. Nf2+ (39. Nh2 {feels hotter.} Kd4+ 40. Kf2 Rf6+ 41. Kg2 g4 42. Nf1) 39... Kf5+ 40. Be3 Re8 41. c3 Rc8 42. Bd4 Re8+ 43. Be3 Rc8 44. Bd4 Re8+ 45. Kf3 g4+ 46. Kg2 Re2 47. Kf1 Rc2 48. Kg1 h4 {[%cal Bh5h4,Bh4h3][%mdl 32]} 49. Kg2 h3+ $1 50. Kg1 Rc1+ 51. Kh2 Re1 52. Bc5 Rc1 53. Bd4 Rf1 54. Nd3 Rd1 55. Nf2 Rd2 56. Kh1 Re2 57. Kh2 Re8 58. Kg1 Rg8 59. Kh2 Rg6 60. Kg1 Rg8 61. Kh2 Re8 62. Nd3 {Accuracy: White = 66%, Black = 84%.} (62. Kg1 $11) 1/2-1/2